000 00566nam a2200205Ia 4500
003 GCL
008 140319s9999 xx 000 0 eng d
040 _aGCL /
_cGCL
082 0 4 _aCC
_b962.16
_bI H
100 1 _aILBERT, ROBERT
245 1 0 _aHELIOPOLIS, LE CAIRO 1905-1922 /
_cILBERT, ROBERT
260 _a[S.N] :
_bCENTRE NATIONAL DELA RECHERCHE SCIENTIFI ،
_c1981
300 _a153 P
650 0 4 _aARCHITECTURAL SERVICES
650 0 4 _aARCHITECTURE
650 0 4 _aCAIRO, EGYPT
650 0 4 _aHELIOPOLIS (EGYPT)
650 0 4 _aCITIES, EGYPT
942 _2ddc
_cBK
999 _c20298
_d20298